00393nam a2200145Ia 4500008004100000041000800041082001600049100002100065245005800086260002300144300000900167500002500176650002500201700002100226230125s9999 xx 000 0 und d aeng a658.31bDAN aDangare V B, Ed. aSouvenir : National institute of personnel management c2005bNIPMaNashik a100p aPersonnel Management aPersonnel management aDangare V B, Ed.